Instructor's resource CD-ROM to accompany cell and molecular biology fouth edition : concepts and experiments
Gardado en:
| Autor Principal: | |
|---|---|
| Formato: | Libro |
| Idioma: | Undetermined |
| Publicado: |
Hoboken, NJ
John Wiley
2005
|
| Những chủ đề: | |
| Các nhãn: |
Engadir etiqueta
Sen Etiquetas, Sexa o primeiro en etiquetar este rexistro!
|
| Thư viện lưu trữ: | Trung tâm Học liệu Trường Đại học Cần Thơ |
|---|
| LEADER | 00567nam a2200193Ia 4500 | ||
|---|---|---|---|
| 001 | CTU_166173 | ||
| 008 | 210402s9999 xx 000 0 und d | ||
| 082 | |a 571.6 | ||
| 082 | |b K18/CD.2 | ||
| 100 | |a Karp, Gerald | ||
| 245 | 0 | |a Instructor's resource CD-ROM to accompany cell and molecular biology fouth edition : | |
| 245 | 0 | |b concepts and experiments | |
| 245 | 0 | |c by Gerald Karp | |
| 260 | |a Hoboken, NJ | ||
| 260 | |b John Wiley | ||
| 260 | |c 2005 | ||
| 650 | |a Molecular biology | ||
| 904 | |i Năm | ||
| 980 | |a Trung tâm Học liệu Trường Đại học Cần Thơ | ||